| 000 | 00366nam a2200133 a 4500 | ||
|---|---|---|---|
| 005 | 20140412111303.0 | ||
| 008 | 070618s19uu xx 00 eng d | ||
| 020 | _a0-590-43495-0 | ||
| 050 |
_aTR(PS E _bTe22 1984 |
||
| 100 | _aGretz, Susanna | ||
| 245 |
_aTeddy bears cure a cold / _cGretz Susanna. |
||
| 260 |
_aNew York : _bScholastic Inc, _c1984. |
||
| 999 |
_c103515 _d103515 |
||